[Event "El Ksiba op"]
[Site "El Ksiba"]
[Date "2018.04.29"]
[Round "2"]
[White "Libiszewski, Fabien"]
[Black "Lahlou, Rachid"]
[Result "1-0"]
[WhiteElo "2500"]
[BlackElo "2092"]
[PlyCount "49"]
[EventDate "2018.04.28"]
[EventType "swiss"]
[EventRounds "9"]
[EventCountry "MAR"]
[SourceTitle "CBM 184 Extra"]
[Source "ChessBase"]
[SourceDate "2018.06.28"]
[SourceVersion "1"]
[SourceVersionDate "2018.06.28"]
[SourceQuality "1"]

1. e4 c5 2. Nf3 Nc6 3. Bb5 d6 4. 0-0 e5 5. c3 Bg4 6. h3 h5 7. d4 Bxf3 8. Qxf3 cxd4 9. cxd4 Qb6 10. Nc3 a6 11. Bxc6+ bxc6 12. dxe5 dxe5 13. b3 g6 14. Na4 Qb5 15. Be3 Rd8 16. Rac1 Ba3 17. Rc4 Rd6 18. Bc5 Bxc5 19. Rxc5 Qb8 20. Rxe5+ Kf8 21. Ra5 Qd8 22. Rxa6 Rd3 23. Ra8 Rxf3 24. Rxd8+ Ke7 25. Rxg8 1-0